Ing. František Macháček

Podrobná bibliografia
Médium: Článok
Jazyk:slovenčina
ISSN:0016-7096
Predmet:

MARC

LEADER 00000nab a2200000 a 4500
001 vtls000634657
003 SK-MaSNL
005 20260304085724.0
008 250425c1995 xo 0 slo
015 |a SNBRB19rr/mm-uuuuu 
035 |a CL0634796 
035 |a (urnnbn)urn:nbn:sk:snk:ar-006r25 
035 |a (uuid)3b11027f-5822-4e94-8d69-d64251c9ab77 
035 |a urn:nbn:sk:snk-ab88us 
040 |a SNKBUCL  |b slo  |c SNKBUCL  |e AACR2 
041 0 |a slo 
044 |a xo  |c SK 
080 |a 528-051  |2 1981 
080 |a 929 Macháček, František  |2 1981 
245 0 0 |a Ing. František Macháček 
600 1 7 |a Macháček, František  |d 1910-1973  |x spomienky  |2 snkbucl  |9 1379577 
650 0 7 |a Macháček, František  |2 snkbucl  |9 1379578 
655 7 |a články z novín a časopisov  |2 snkbucl  |9 267496 
773 0 |t Geodetický a kartografický obzor  |g Roč. 41/83, č. 3 (1995), s. 67  |x 0016-7096 
850 |a Slovenská národná knižnica 
852 |a Slovenská národná knižnica 
954 |a odborná, vedecká literatúra pôvodná (slovenská)  |2 lita 
958 |a article9 
958 |a OND 
958 |a NX 
958 |a SK 
958 |a BX 
958 |a RK 
958 |a EUIPO 
992 |a RBX 
999 |c 2809088  |d 2811018